| 000 | 00462nam a22001697a 4500 | ||
|---|---|---|---|
| 005 | 20180811115538.0 | ||
| 008 | 160513b xxu||||| |||| 00| 0 eng d | ||
| 020 | _a81-7036-923-5 | ||
| 041 | _aeng | ||
| 082 |
_b2074 _a658.31243 |
||
| 100 |
_aRolf P. Lynton and Preek, Udai _94771 |
||
| 245 | _aTraining for Organizational Transformation (part-2) | ||
| 260 |
_aNew Delhi _bSage Publishing, _c2004 |
||
| 300 | _a413p, | ||
| 650 |
_aManagement _9241 |
||
| 942 | _cBK | ||
| 999 |
_c756 _d756 |
||